| 000 -LEADER |
| fixed length control field |
01568pab a2200193 454500 |
| 008 - FIXED-LENGTH DATA ELEMENTS--GENERAL INFORMATION |
| fixed length control field |
180718b2000 xxu||||| |||| 00| 0 eng d |
| 100 ## - MAIN ENTRY--PERSONAL NAME |
| Personal name |
Khan, Zakir Ahmed |
| 245 ## - TITLE STATEMENT |
| Title |
Experience of a financial reforms project in Bangladesh |
| 260 ## - PUBLICATION, DISTRIBUTION, ETC. |
| Date of publication, distribution, etc. |
2000 |
| 300 ## - PHYSICAL DESCRIPTION |
| Extent |
p.33-42 |
| 362 ## - DATES OF PUBLICATION AND/OR SEQUENTIAL DESIGNATION |
| Dates of publication and/or sequential designation |
Feb |
| 520 ## - SUMMARY, ETC. |
| Summary, etc. |
This article reviews the efforts of the Government of Bangladesh aimed at reforming the public sector financial management system as part of overall public administration reforms through a technical assistance project jointly sponsored by the government and the Department for International Development, Government of the UK. It has evolved through initial setbacks into a highly successful project delivering tangible outputs over the last three years, with prospects for future extension until reforms are internalized and become self-sustaining. Attempts have been made in this article to analyse and evaluate the underlying reasons for the problems in the first year of implementation as well as the factors that contributed to the recovery of the image of the project and its continuing successes in successive phases. The article highlights the lessons learned from the project in its bad as well as good times and suggests that this experience can be of great value to those undergoing the same type of reform experiment. - Reproduced |
| 650 ## - SUBJECT ADDED ENTRY--TOPICAL TERM |
| Topical term or geographic name entry element |
Financial administration - Bangladesh |
| 650 ## - SUBJECT ADDED ENTRY--TOPICAL TERM |
| Topical term or geographic name entry element |
Financial administration |
| 700 ## - ADDED ENTRY--PERSONAL NAME |
| Personal name |
Frazer, Mike |
| 700 ## - ADDED ENTRY--PERSONAL NAME |
| Personal name |
Thornton, Nigel |
| 773 ## - HOST ITEM ENTRY |
| Main entry heading |
Public Administration and Development |
| 909 ## - |
| -- |
45214 |